00634 2200241 4500001002100000005001500021035002000036007000300056008004100059100001800100245005800118250002000176300003500196020001800231082001000249084001600259260004000275600002100315990001400336990001400350990001400364990001400378INLIS00000000001046320251223031818 a0010-0925000061ta251218 g 0 ind 0 aFirman Sujadi1 aPengadaan Barang / Jasa Pemerintahan /cFirman Sujadi aCetakan Januari a98 hlm :bilus ;c17,6 x 25 cm a9786026587640 a658.7 a658.7 FIR p aJakarta :bBee Media Pustaka,c2019 4aManajemen, Bahan a025.00010 a025.00009 a025.00008 a025.00007